2026-2027 NFL Projected Offensive Starters - Statistics

General Stats
  • This quiz has been taken 96 times
  • The average score is 176 of 288
Answer Stats
Hint Answer % Correct
RB Jeremiyah Love
93%
QB Jordan Love
93%
Arizona Cardinals | Atlanta Falcons | Baltimore Ravens | +29 others Player
89%
WR Tre' Harris
89%
QB Josh Allen
88%
QB Lamar Jackson
88%
WR Marvin Harrison Jr.
88%
RB Aaron Jones Sr.
86%
RB Braelon Allen
86%
QB Caleb Williams
86%
QB Daniel Jones
86%
WR Garrett Wilson
86%
RB James Cook III
86%
WR Jameson Williams
86%
RB Javonte Williams
86%
RB Kyren Williams
86%
QB Matthew Stafford
86%
WR Michael Wilson
86%
WR Antonio Williams
84%
RB Bijan Robinson
84%
RB Brian Robinson Jr.
84%
QB Bryce Young
84%
WR DeVonta Smith
84%
QB Drake Maye
84%
QB Geno Smith
84%
WR Jaxon Smith-Njigba
84%
QB Michael Penix Jr.
84%
WR Wan'Dale Robinson
84%
QB Bo Nix
82%
RB Derrick Henry
82%
WR DJ Moore
82%
QB Fernando Mendoza
82%
TE Hunter Henry
82%
QB Justin Herbert
82%
QB Kyler Murray
82%
QB Patrick Mahomes
82%
TE Trey McBride
82%
WR A.J. Brown
81%
WR Amon-Ra St. Brown
81%
RB Chase Brown
81%
QB Jacoby Brissett
81%
QB Jaxson Dart
81%
QB Joe Burrow
81%
WR Puka Nacua
81%
RB Ashton Jeanty
79%
QB Dak Prescott
79%
WR Davante Adams
79%
RB De'Von Achane
79%
WR Devontez Walker
79%
WR Ja'Marr Chase
79%
QB Jared Goff
79%
WR Justin Jefferson
79%
RB Kenneth Walker III
79%
TE Mark Andrews
79%
QB Sam Darnold
79%
TE Brock Bowers
77%
WR CeeDee Lamb
77%
QB C.J. Stroud
77%
QB Jalen Hurts
77%
QB Jayden Daniels
77%
RB Saquon Barkley
77%
QB Trevor Lawrence
77%
WR Zay Flowers
77%
QB Aaron Rodgers
75%
QB Baker Mayfield
75%
QB Brock Purdy
75%
QB Cam Ward
75%
RB Christian McCaffrey
75%
WR Christian Watson
75%
QB Deshaun Watson
75%
WR Drake London
75%
WR George Pickens
75%
RB Jahmyr Gibbs
75%
QB Malik Willis
75%
TE Travis Kelce
75%
RB Breece Hall
74%
RB Jonathan Taylor
74%
TE Juwan Johnson
74%
TE Mason Taylor
74%
TE Theo Johnson
74%
WR DK Metcalf
72%
RB Emmett Johnson
72%
RB Josh Jacobs
72%
TE Kyle Pitts
72%
WR Mike Evans
72%
RB Ty Johnson
72%
WR Brian Thomas Jr.
70%
RB D'Andre Swift
70%
TE George Kittle
70%
TE Ja'Tavion Sanders
70%
WR Jayden Higgins
70%
WR Jaylen Waddle
70%
WR Rashee Rice
70%
WR Tee Higgins
70%
QB Tyler Shough
70%
WR Chris Olave
68%
WR Courtland Sutton
68%
TE Dalton Kincaid
68%
TE Darnell Washington
68%
RB David Montgomery
68%
TE Dawson Knox
68%
WR Jalen McMillan
68%
WR Ladd McConkey
68%
WR Malik Nabers
68%
WR Malik Washington
68%
WR Parker Washington
68%
WR Rome Odunze
68%
WR Tetairoa McMillan
68%
WR Chris Godwin Jr.
67%
RB Chuba Hubbard
67%
TE Jake Ferguson
67%
WR Jerry Jeudy
67%
WR Jordan Addison
67%
TE Julian Hill
67%
RB Justice Hill
67%
RB Mike Washington Jr.
67%
WR Nico Collins
67%
TE Sam LaPorta
67%
WR Terry McLaurin
67%
RB Travis Etienne Jr.
67%
RB Alvin Kamara
65%
RB Bucky Irving
65%
WR Darnell Mooney
65%
TE Isaiah Likely
65%
RB Jaylen Warren
65%
WR Michael Pittman Jr.
65%
RB Omarion Hampton
65%
WR Rashod Bateman
65%
TE Tyler Warren
65%
RB Tyrone Tracy Jr.
65%
WR Alec Pierce
63%
TE Dallas Goedert
63%
WR Jauan Jennings
63%
WR Quentin Johnston
63%
RB Rhamondre Stevenson
63%
WR Romeo Doubs
63%
WR Tre Tucker
63%
RB TreVeyon Henderson
63%
WR Emeka Egbuka
61%
WR Khalil Shakir
61%
TE Michael Mayer
61%
TE Colston Loveland
60%
RB J.K. Dobbins
60%
RB Quinshon Judkins
60%
RB Tony Pollard
60%
TE Tucker Kraft
60%
TE Tyler Higbee
60%
WR Cooper Kupp
58%
TE Evan Engram
58%
WR Jakobi Meyers
58%
WR Ricky Pearsall
58%
RB Zach Charbonnet
58%
WR Adonai Mitchell
56%
RB Keaton Mitchell
56%
WR Luke McCaffrey
56%
WR Luther Burden III
56%
WR Xavier Worthy
56%
TE Cade Otton
54%
TE Cole Kmet
54%
TE Dalton Schultz
54%
RB Isiah Pacheco
54%
WR Josh Downs
54%
WR Kayshon Boutte
54%
RB Rachaad White
54%
WR Carnell Tate
53%
WR Jayden Reed
53%
WR Matthew Golden
53%
RB Rico Dowdle
53%
WR Xavier Legette
53%
TE Harold Fannin Jr.
51%
RB Blake Corum
49%
WR Rashid Shaheed
49%
RB RJ Harvey
49%
TE David Njoku
47%
RB Jordan Mason
47%
TE Mike Gesicki
47%
TE Noah Gray
47%
WR Makai Lemon
46%
TE Pat Freiermuth
46%
TE AJ Barner
44%
RB Jacory Croskey-Merritt
44%
WR Jalen Tolbert
44%
RB Malik Davis
44%
WR Tank Dell
44%
WR Tutu Atwell
44%
TE Brenton Strange
42%
WR Calvin Ridley
42%
WR Darius Slayton
42%
WR Jordyn Tyson
42%
TE Luke Musgrave
42%
WR Omar Cooper Jr.
42%
TE Oronde Gadsden
42%
TE Tommy Tremble
42%
RB Chris Brooks
40%
RB Jadarian Price
40%
RB Jonathon Brooks
40%
RB Kyle Monangai
40%
WR Andrei Iosivas
39%
TE Chig Okonkwo
39%
WR Jalen Coker
39%
WR Jalen Nailor
39%
WR Troy Franklin
39%
RB Tyler Allgeier
39%
RB Bhayshul Tuten
37%
WR Isaac TeSlaa
37%
WR KC Concepcion
37%
TE Kenyon Sadiq
37%
RB Tank Bigsby
37%
RB Tyjae Spears
37%
RB Woody Marks
37%
RB Dylan Sampson
35%
WR Jahan Dotson
35%
WR Mack Hollins
35%
TE Colby Parkinson
33%
WR Jack Bech
33%
RB Kenneth Gainwell
33%
TE Noah Fant
33%
WR Denzel Boston
32%
TE Luke Schoonmaker
32%
TE Brock Wright
30%
TE Jake Tonges
30%
RB Jaylen Wright
30%
WR Joshua Palmer
30%
TE Mo Alie-Cox
30%
WR Christian Kirk
26%
TE Greg Dulcich
26%
WR Ryan Flournoy
26%
WR Tyquan Thornton
26%
WR Kendrick Bourne
25%
TE T.J. Hockensen
25%
WR Devaughn Vele
23%
TE Gunnar Helm
23%
WR Olamide Zaccheaus
23%
RB Samaje Perine
21%
TE Austin Hooper
19%
RB Chris Rodriguez Jr.
19%
TE Daniel Bellinger
18%
TE Elijah Arroyo
18%
TE Adam Trautman
16%
WR Jordan Whittington
14%
WR Nick Westbrook-Ikhine
14%
TE Drew Sample
12%
RB Jordan James
12%
WR Kalif Raymond
12%
RB DJ Giddens
11%
TE Eli Stowers
11%
TE John Bates
11%
TE Josh Oliver
9%
TE Payne Durham
9%
TE Jack Stoll
7%
TE Foster Moreau
5%
RB Cam Skettebo
4%
TE Durham Smythe
4%
WR Germie Bernard
4%
TE Tip Reiman
4%
TE Will Kacmarek
2%
TE Nate Boerkircher
0%
No matching quizzes found
Score Distribution
Percent of People with Each Score
Percentile by Number Answered
Your Score History
You have not taken this quiz